Výkaz komplexného výsledku a výkaz ziskov a strát podľa IFRS pre malé a stredné podniky 7/10 prezentácia ukončených činností
Ilustratívna ukážka prezentácie ukončených činností vo výkaze komplexného výsledku podľa IFRS pre malé a stredné podniky.
Uložené v:
| Hlavný autor: | |
|---|---|
| Médium: | Kapitola |
| Jazyk: | Slovak |
| Predmet: | |
| Tagy: |
Žiadne tagy, Buďte prvý, kto otaguje tento záznam!
|
MARC
| LEADER | 00000nla a2200000 4500 | ||
|---|---|---|---|
| 001 | 0164599 | ||
| 005 | 20240502072855.8 | ||
| 041 | 0 | |a slo | |
| 044 | |a SK | ||
| 245 | 1 | 0 | |a Výkaz komplexného výsledku a výkaz ziskov a strát podľa IFRS pre malé a stredné podniky 7/10 |b prezentácia ukončených činností |c Michal Ješš |
| 520 | |a Ilustratívna ukážka prezentácie ukončených činností vo výkaze komplexného výsledku podľa IFRS pre malé a stredné podniky. | ||
| 610 | 2 | 0 | |a výkazy účtovné |
| 610 | 2 | 0 | |a účtovníctvo |
| 610 | 2 | 0 | |a výkaz ziskov a strát |
| 610 | 2 | 0 | |a podnik malý |
| 610 | 2 | 0 | |a podnik stredný |
| 610 | 2 | 0 | |a obdobie účtovné |
| 610 | 2 | 0 | |a zisk |
| 610 | 2 | 0 | |a IFRS |
| 100 | 1 | |a Ješš, Michal, 1986- | |